000 00683nam a2200217 a 4500
001 000013052
005 20200929163128.0
008 091119s1988 cu a 001 f spa d
040 _aDO-SdBNP
_bspa
_cBNPHU
082 _aCu863.44
_bP436q
100 1 _aPereira, Manuel,
_d1948-
_930171
245 1 3 _aLa quinta nave de los locos /
_cManuel Pereira ; editor, José Rodríguez Feo.
260 _aLa Habana :
_bUnión,
_c1988.
300 _a162, [2] :
_bil. ;
_c19 cm.
490 1 _aContemporáneos
650 4 _aNovela cubana
_92316
650 4 _aLiteratura cubana
_ySIGLO XX
_99186
700 1 _aRodríguez Feo, José,
_eed.
_916879
830 0 _aContemporáneos
_96941
049 _aBNGR
999 _c12695
_d12695